000 00248nam a22001097a 4500
999 _c166502
_d166502
082 _a
_b
100 _aRamdhari Sing Dhinakar
245 _aKurushetra/
_cby Ramdhari Sing Dhinakar
260 _aNew Delhi:
_bRajpal,
_c
650 _a
942 _cBK